La economía de la pobreza / (Record no. 28686)

MARC details
000 -LEADER
campo de control de longitud fija 00906nam a2200265 i 4500
001 - NÚMERO DE CONTROL
campo de control 28686
003 - IDENTIFICADOR DE NÚMERO DE CONTROL
campo de control ES-MaACL
005 - FECHA Y HORA DE LA ÚLTIMA TRANSACCIÓN
campo de control 20230906153918.0
007 - CAMPO FIJO DE DESCRIPCIÓN FÍSICA--INFORMACIÓN GENERAL
campo de control de longitud fija t|
008 - DATOS DE LONGITUD FIJA--INFORMACIÓN GENERAL
campo de control de longitud fija 030117s1972 sp ||||1| spa d
100 1# - ENTRADA PRINCIPAL--NOMBRE DE PERSONA
Nombre de persona Balogh, Thomas.
9 (RLIN) 25100
245 13 - MENCIÓN DEL TÍTULO
Título La economía de la pobreza /
Mención de responsabilidad, etc. Thomas S. Balogh : [traducción de Pedro Puig y Juan R. Cuadrado ; presentación de Raul Prebisch].
250 ## - MENCION DE EDICION
Mención de edición 1ª ed.
260 ## - PUBLICACIÓN, DISTRIBUCIÓN, ETC.
Lugar de publicación, distribución, etc. [Barcelona :
Nombre del editor, distribuidor, etc. Vicens-Vives,
Fecha de publicación, distribución, etc. 1972]
300 ## - DESCRIPCIÓN FÍSICA
Extensión XXV, 271 p. ;
Dimensiones 21 cm.
490 1# - MENCIÓN DE SERIE
Mención de serie Colección Thot de Economía ;
Designación de volumen o secuencia 1
650 #4 - PUNTO DE ACCESO ADICIONAL DE MATERIA--TÉRMINO DE MATERIA
Término de materia o nombre geográfico como elemento de entrada Ayuda económica.
9 (RLIN) 137664
650 04 - PUNTO DE ACCESO ADICIONAL DE MATERIA--TÉRMINO DE MATERIA
Término de materia o nombre geográfico como elemento de entrada Países en desarrollo-
Subdivisión general Situación económica.
9 (RLIN) 169541
700 1# - ENTRADA AGREGADA--NOMBRE PERSONAL
Nombre de persona Puig, Pedro.
9 (RLIN) 94241
700 1# - ENTRADA AGREGADA--NOMBRE PERSONAL
Nombre de persona Cuadrado, Juan R.
9 (RLIN) 41887
700 1# - ENTRADA AGREGADA--NOMBRE PERSONAL
Nombre de persona Prebisch, Raúl.
9 (RLIN) 93728
830 0# - PUNTO DE ACCESO ADICIONAL DE SERIE-TÍTULO UNIFORME
Título uniforme Colección Thot de Economía ;
Designación de volumen o secuencia 1
9 (RLIN) 187181
852 ## - LOCALIZACIÓN
Ubicación ES-MaACL
Número de control de estantería C-56294
Sublocalización o colección R.89139
Holdings
Estatus retirado Estado de pérdida Estado de daño No para préstamo Biblioteca de origen Biblioteca actual Ubicación en estantería Fecha de adquisición Fuente de adquisición Total de préstamos Signatura topográfica completa Código de barras Visto por última vez Precio de reemplazo Tipo de ítem Koha
        Biblioteca del Ateneo de Madrid Biblioteca del Ateneo de Madrid Depósito 2 17/01/2008     C-56294 1029617 23/02/2023 23/02/2023 Libro impreso